书目信息 |
| 题名: |
分布式并行计算技术
|
|
| 作者: | 李代平 编著 | |
| 分册: | ||
| 出版信息: | 北京 冶金工业出版社 2004.01 |
|
| 页数: | 238页 | |
| 开本: | 20cm | |
| 丛书名: | ||
| 单 册: | ||
| 中图分类: | TP338.8 | |
| 科图分类: | ||
| 主题词: | 电子数字计算机 | |
| 电子资源: | ||
| ISBN: | 7-5024-3412-7 | |
| 000 | 00581nam0 2200193 45 | |
| 001 | 0437690594 | |
| 005 | 20080229162922.89 | |
| 010 | @a7-5024-3412-7@dCNY 30.00 | |
| 100 | @a20040520d2004 km y0chiy0120 ea | |
| 101 | 0 | @achi |
| 102 | @aCN@b110000 | |
| 200 | 1 | @a分布式并行计算技术@AFen Bu Shi Bing Xing Ji Suan Ji Shu@f李代平等编著@FLi Dai Ping Deng Bian Zhu |
| 210 | @a北京@c冶金工业出版社@d2004.01 | |
| 215 | @a238页@d20cm | |
| 606 | 0 | @a电子数字计算机 |
| 690 | @aTP338.8@v4 | |
| 701 | 0 | @a李代平@ALi Dai Ping@4编著 |
| 801 | 0 | @aCN@bPFT@c20080229 |
| 905 | @a安徽大学@dTP338.8@eL144 | |
| 分布式并行计算技术/李代平等编著.-北京:冶金工业出版社,2004.01 |
| 238页;20cm |
| ISBN 7-5024-3412-7:CNY 30.00 |
| ● |
| 相关链接 |
|
|
|
正题名:分布式并行计算技术
索取号:TP338.8/L144
 
预约/预借
| 序号 | 登录号 | 条形码 | 馆藏地/架位号 | 状态 | 备注 |
| 1 | 376341 | 203763418 | 自科库301/301自科库 91排1列4层/ [索取号:TP338.8/L144] | 在馆 | |
| 2 | 376342 | 203763427 | 自科库301/301自科库 91排1列4层/ [索取号:TP338.8/L144] | 在馆 | |
| 3 | 479086 | 204790869 | 期刊室512/ [索取号:TP338.8/L144] | 在馆 |